LEADER 01240nam a2200301 u 4500 001 000000081335 003 CaOOAMICUS 005 20070226123738.0 008 050321s2004 it u000 u ita u 020 $a883940693X 035 $a11035384 040 $aPUL$bita 041 1 $aita$heng 100 1 $aHalpern, Baruch.$0(OLS)http://pul/name/54217 245 12$aI demoni segreti di David :$bmessia, assassino, traditore, re /$cBaruch Halpern. 260 $aBrescia :$bPaideia,$cc2004. 300 $a502 p. ;$c23 cm 490 1 $aIntroduzione allo studio della Bibbia.$aSupplementi ;$v19 500 $aInclude indici. 504 $aBibliografia in nota. 630 04$aBiblia.$pV.T.$0(OLS)http://pul/subject/1661 830 0$aIntroduzione allo studio della Bibbia.$pSupplementi ;$v19.$0(OLS)http://pul/title/41883 850 $aPUL 852 $aPUL$W1$xSL Religione 1$y3$m1 C 112.19$j103774$nBK-PRI$b $qStampati$B103774$CPULBib$Z2$F103774 $HPUL97335 $81 941 1 $a8 996 $6020$a883940693X$9(OLS)http://pul/number/107744 996 $6245$aI demoni segreti di David :$bmessia, assassino, traditore, re$9(OLS)http://pul/title/106396 996 $6260$aBrescia :$bPaideia$9(OLS)http://pul/publisher/47884 LEADER 01154nam a2200265 a 4500 001 000000149071 003 CaOOAMICUS 005 20160203122445.0 008 160203s1974 it u000 u ita r 032 $aLibriCat 040 $aPUL$bita 100 1 $aAlszeghy, Zoltán,$cS.I.,$d1915-1991.$0(OLS)http://pul/name/11815 245 10$aCome si fa la teologia :$bintroduzione allo studio della teologia dogmatica /$cZoltan Alszeghy, Maurizio Flick. 260 $aRoma :$bPaoline,$c1974. 300 $a213 p. ;$c21 cm. 490 1 $aTeologia ;$v01 650 4$aTeologia dogmatica.$0(OLS)http://pul/subject/663 700 1 $aFlick, Maurizio,$cS.I.,$d1909-$0(OLS)http://pul/name/2925 830 0$aTeologia (Edizioni Paoline) ;$v01.$0(OLS)http://pul/title/652 850 $aPUL 852 $aPUL$W1$xDP1 Fondo Bordoni$y120$m3 G 64$j166750$qFondi$B173303$CPULBib$Z2$F173303 $HBor141 $81 941 1 $a1 996 $6245$aCome si fa la teologia :$bintroduzione allo studio della teologia dogmatica$9(OLS)http://pul/title/70344 996 $6260$aRoma :$bPaoline$9(OLS)http://pul/publisher/50842